| 000 | 00414nam a22001697a 4500 | ||
|---|---|---|---|
| 003 | OSt | ||
| 020 | _a9710814982 | ||
| 040 | _c0 | ||
| 082 |
_222 _a627 |
||
| 100 | _aKing, Haracew...[et al]. | ||
| 245 | _aHydraulics / | ||
| 250 | _a5th | ||
| 260 |
_bNew york: John wiley and sons in,; _cc1948 |
||
| 300 |
_axii,351p, ; _bill,; _c24 cm. |
||
| 700 | _awisler, chester o and woodburn, jamas c. | ||
| 942 |
_2ddc _cCIVIL |
||
| 999 |
_c4698 _d4698 |
||